000 00559nam a2200181Ia 4500
020 _a9251053626
040 _cAGL
082 _a338 FOO 2005 A078 Or.
245 0 0 _aIntroductions and movement of two penaeid shrimp species in Asia and the Pacific /
260 _aRome :
_bFood and Agriculture Organization of the United Nations,
_c2005
300 _axvii, 78 p. :
_bill. ;
_c30 cm
490 1 _aFAO fisheries technical paper,
650 0 _aShrimp industry
650 0 _aShrimp fisheries
650 0 _aPenaeidae
700 1 _aBriggs, Mathew
942 _cEK
999 _c15714
_d15714